ბათუმის შოთა რუსთაველის სახელმწიფო უნივერსიტეტის ბიბლიოთეკა

საქართველოს სსრ ეკონომიური გეოგრაფია / (ბიბ.ჩანაწერი № 63775)

000 -ლიდერი
ფიქსირებული სიგრძის საკონტროლო ველი 00961nam a22001817a 4500
003 - საკონტროლო ნომრის იდენტიფიკატორი
საკონტროლო ველი Ge_BSU
005 - ბოლო ოპერაციის თარიღი და დრო
საკონტროლო ველი 20260112185019.0
008 - ფიქსირებული სიგრძის მონაცემთა ელემენტები - ზოგადი ინფორმაცია
ფიქსირებული სიგრძის საკონტროლო ველი 260112s1961 ge ||||| |||| 00| 0 geo d
041 ## - ენის კოდი
Language code of text/sound track or separate title geo
080 ## - უნივერსალური ათობითი კლასიფიკაციის ინდექსი
Universal Decimal Classification number 911.3:33(479.22) ს-32
245 ## - ცნობა სათაურის შესახებ
Title საქართველოს სსრ ეკონომიური გეოგრაფია /
Statement of responsibility, etc საქ. სსრ მეცნ. აკად., ვახუშტის სახ. გეოგრაფიის ინ-ტი, სსრკ მეცნ. აკად., გეოგრაფიის ინ-ტი.
264 ## - წარმოების, გამოცემის, დისტრიბუციის და სხვა ცნობები
გამოცემის, წარმოების, დისტრიბუციის... ადგილი თბ. :
გამოცემის, წარმოების, დისტრიბუციის... სახელწოდება ცოდნა,
გამოცემის, წარმოების, დისტრიბუციის... თარიღი 1961.
300 ## - ფიზიკური აღწერა
Extent 396 გვ. :
Other physical details 32 ფ. ილ. 9 ფ. რუკ. ;
Dimensions 23 სმ.
500 ## - ზოგადი შენიშვნა
General note დამატ. თავფურც. რუს. ენ.
504 ## - BIBLIOGRAPHY, ETC. NOTE
Bibliography, etc ბიბლიოგრ: გვ. 389-395.
653 ## - INDEX TERM--UNCONTROLLED
Uncontrolled term საქართველოს ეკონომიური გეოგრაფია.
942 ## - ADDED ENTRY ELEMENTS (KOHA)
Source of classification or shelving scheme
Koha item type წიგნი
ეგზემპლარები
ჩამოწერის სტატუსი დაკარგული ეგზემპლარის სტატუსი კლასიფიკაციის წყარო ან თაროზე გაწყობის სქემა დაზიანების სტატუსი არ გაიცემა მუდმივი მდებარეობა (დაცვის ადგილი) ამჟამინდელი ადგილსამყოფელი თაროზე განთავსების ადგილი შეძენის თარიღი ღირებულება, შესყიდვის ნორმალური ფასი სრული შენახვის შიფრი შტრიხკოდი ბოლო ოპერაციის თარიღი ეგზემპლარის მიმდევრობითი ნომერი (კეტერი?) ფასის ძალაში შესვლის თარიღი ეგზემპლარის სახეობა საჯარო შენიშვნა
          ბათუმის შოთა რუსთაველის სახელმწიფო უნივერსიტეტის მთავარი ბიბლიოთეკა ბათუმის შოთა რუსთაველის სახელმწიფო უნივერსიტეტის მთავარი ბიბლიოთეკა წიგნსაცავი 2026-01-12 3.52 911.3:33(479.22) ს-32 73387 2026-01-12 73387 2026-01-12 წიგნი 3 ლ. 52 თ.
          ბათუმის შოთა რუსთაველის სახელმწიფო უნივერსიტეტის მთავარი ბიბლიოთეკა ბათუმის შოთა რუსთაველის სახელმწიფო უნივერსიტეტის მთავარი ბიბლიოთეკა წიგნსაცავი 2026-03-11 3.52 911.3:33(479.22) ს-32 73903 2026-03-11 73903 2026-03-11 წიგნი 3 ლ.52 თ.
          ბათუმის შოთა რუსთაველის სახელმწიფო უნივერსიტეტის მთავარი ბიბლიოთეკა ბათუმის შოთა რუსთაველის სახელმწიფო უნივერსიტეტის მთავარი ბიბლიოთეკა წიგნსაცავი 2026-03-11 3.52 911.3:33(479.22) ს-32 73902 2026-03-11 73902 2026-03-11 წიგნი 3 ლ. 52 თ.
          ბათუმის შოთა რუსთაველის სახელმწიფო უნივერსიტეტის მთავარი ბიბლიოთეკა ბათუმის შოთა რუსთაველის სახელმწიფო უნივერსიტეტის მთავარი ბიბლიოთეკა წიგნსაცავი 2026-03-11 2.00 911.3:33(479.22) ს-32 73901 2026-03-11 73901 2026-03-11 წიგნი 2 ლ.
          ბათუმის შოთა რუსთაველის სახელმწიფო უნივერსიტეტის მთავარი ბიბლიოთეკა ბათუმის შოთა რუსთაველის სახელმწიფო უნივერსიტეტის მთავარი ბიბლიოთეკა წიგნსაცავი 2026-04-22 12.00 911.3:33(479.22) ს-32 74363 2026-04-22 74363 2026-04-22 წიგნი 12.00